000
00281nam a22001217a 4500
082
_a
621.382 EVE'C
100
_a
EVERITT, W. L,ANNER, G. E
_9
56873
245
_a
COMMUNICATION ENGINEERING
250
_a
3RD
260
_a
NEWYORK
_b
MCGRAW HILL
_c
1956
300
_a
644P
942
_c
BK
999
_c
567203
_d
567203